| 000 | 00574nam a2200193 4500 | ||
|---|---|---|---|
| 001 | 85706 | ||
| 003 | BD-RjUL | ||
| 005 | 20250915092011.0 | ||
| 008 | 250915s1993 ii ||||| |||| 00| 0 urd d | ||
| 035 | _a(BD-RjUL) 85706 | ||
| 040 |
_aBD-RjUL _beng _cBD-RjUL |
||
| 041 | _aurd | ||
| 082 |
_223 _a891.43909 |
||
| 245 |
_aاصناف ادب كا ارتقا ;; asnaf adb kaa artaqa / _cسید صفی مرتضی ;; Syed Safi Murtaza |
||
| 260 |
_aLakhnuw : _bNasim book , _c1993 |
||
| 300 |
_a80 p. ; _c17 cm |
||
| 650 |
_aUrdu literature _vhistory & Criticism |
||
| 942 |
_2ddc _cBK |
||
| 999 |
_c85706 _d85706 |
||